| 000 | 00901nam a2200205Ia 4500 | ||
|---|---|---|---|
| 001 | 23820 | ||
| 003 | GE_BSU | ||
| 008 | 181216s||||||||xx |||||||||||||| ||und|| | ||
| 040 | _cGE_BSU | ||
| 245 | _aსაპატრიარქოს უწყებანი 6-12 დეკემბერი №36(906).2018. | ||
| 245 | _bპატრიარქის ქადაგება,ქრონიკა, ინფორმაცია და სხვა. | ||
| 245 | _cრედ:დეკანოზი დავით შარაშენიძე და სხვა. | ||
| 260 | _aთბილისი | ||
| 260 | _c2018წელი | ||
| 300 | _a19გვ;29სმ; | ||
| 653 | _aპერიოდიკა | ||
| 653 | _aრელიგია | ||
| 653 | _aსაპატრიარქოს უწყებანი 6-12 დეკემბერი №36(906) 2018. | ||
| 942 | _cCR | ||
| 999 |
_c56698 _d56698 |
||